<?xml version="1.0" encoding="UTF-8"?>
<record
    xmlns:xsi="http://www.w3.org/2001/XMLSchema-instance"
    xsi:schemaLocation="http://www.loc.gov/MARC21/slim http://www.loc.gov/standards/marcxml/schema/MARC21slim.xsd"
    xmlns="http://www.loc.gov/MARC21/slim">

  <leader>00500nam a22001697a 4500</leader>
  <datafield tag="020" ind1=" " ind2=" ">
    <subfield code="a">9781647084202</subfield>
  </datafield>
  <datafield tag="082" ind1=" " ind2=" ">
    <subfield code="a">808.06634</subfield>
    <subfield code="b">TIS</subfield>
  </datafield>
  <datafield tag="100" ind1=" " ind2=" ">
    <subfield code="a"> Tiscione, Kristen Konrad</subfield>
  </datafield>
  <datafield tag="245" ind1=" " ind2=" ">
    <subfield code="a">Legal writing : from advice to advocacy :</subfield>
    <subfield code="c">Kristen Konrad</subfield>
    <subfield code="b"> a contemporary approach /</subfield>
  </datafield>
  <datafield tag="260" ind1=" " ind2=" ">
    <subfield code="a">USA:</subfield>
    <subfield code="b">West academic publishing,</subfield>
    <subfield code="c">2021.</subfield>
  </datafield>
  <datafield tag="300" ind1=" " ind2=" ">
    <subfield code="a">588p.</subfield>
  </datafield>
  <datafield tag="563" ind1=" " ind2=" ">
    <subfield code="a">P.B</subfield>
  </datafield>
  <datafield tag="650" ind1=" " ind2=" ">
    <subfield code="a">Practice of law</subfield>
    <subfield code="9">114437</subfield>
  </datafield>
  <datafield tag="650" ind1=" " ind2=" ">
    <subfield code="a">Trial practice</subfield>
  </datafield>
  <datafield tag="650" ind1=" " ind2=" ">
    <subfield code="a">Law--Language</subfield>
    <subfield code="9">114438</subfield>
  </datafield>
  <datafield tag="942" ind1=" " ind2=" ">
    <subfield code="2">ddc</subfield>
    <subfield code="c">BK</subfield>
  </datafield>
  <datafield tag="999" ind1=" " ind2=" ">
    <subfield code="c">595503</subfield>
    <subfield code="d">595503</subfield>
  </datafield>
  <datafield tag="952" ind1=" " ind2=" ">
    <subfield code="0">0</subfield>
    <subfield code="1">0</subfield>
    <subfield code="2">ddc</subfield>
    <subfield code="4">0</subfield>
    <subfield code="6">808_066340000000000_TIS</subfield>
    <subfield code="7">0</subfield>
    <subfield code="9">621537</subfield>
    <subfield code="a">NLS</subfield>
    <subfield code="b">NLS</subfield>
    <subfield code="d">2023-08-12</subfield>
    <subfield code="e">Golden Books</subfield>
    <subfield code="l">1</subfield>
    <subfield code="o">808.06634 TIS</subfield>
    <subfield code="p">CL-1494</subfield>
    <subfield code="r">2025-03-21</subfield>
    <subfield code="s">2023-09-13</subfield>
    <subfield code="w">2023-08-12</subfield>
    <subfield code="y">BK</subfield>
  </datafield>
  <datafield tag="952" ind1=" " ind2=" ">
    <subfield code="0">0</subfield>
    <subfield code="1">0</subfield>
    <subfield code="2">ddc</subfield>
    <subfield code="4">0</subfield>
    <subfield code="6">808_066340000000000_TIS</subfield>
    <subfield code="7">0</subfield>
    <subfield code="9">621538</subfield>
    <subfield code="a">NLS</subfield>
    <subfield code="b">NLS</subfield>
    <subfield code="d">2023-08-12</subfield>
    <subfield code="e">Golden Books</subfield>
    <subfield code="l">2</subfield>
    <subfield code="o">808.06634 TIS</subfield>
    <subfield code="p">CL-1493</subfield>
    <subfield code="r">2024-07-08</subfield>
    <subfield code="s">2024-05-02</subfield>
    <subfield code="w">2023-08-12</subfield>
    <subfield code="y">BK</subfield>
  </datafield>
</record>
